| 000 | 00514nam a2200145Ia 4500 | ||
|---|---|---|---|
| 008 | 220216s9999 xx 000 0 und d | ||
| 100 | _aReju M.J | ||
| 245 | 0 | _aGenetic improvement of Hevea clones for economic traits through hybridization | |
| 260 | _bIRRDB Plant Breeders Workshop, 8-12 July 2019, Lembaga Getah Malaysia (Malaysian Rubber Board), Kuala Lumpur, Malaysia | ||
| 650 |
_aGenetic improvement _Hevea clones |
||
| 700 | _aJohn A | ||
| 700 | _aMydin K.K | ||
| 856 | _uBibli details only | ||
| 942 | _cJS | ||
| 999 |
_c59831 _d59831 |
||